La Haute-Garonne en images - Statistiques

Statistiques générales
  • Ce quiz a été pris 270 fois
    47 depuis la dernière actualisation
  • Le résultat moyen est 12 sur 18
Statistiques - réponses
Par images Hint Réponse % Correct
Ville Toulouse
100%
Fleuve Garonne
98%
Canal Canal {du Midi}
93%
Chaîne de montagnes Les Pyrénées
93%
Place Place {du Capitole}
93%
Groupe Bigflo et Oli
88%
Constructeur Airbus
86%
Chanteur Claude Nougaro
79%
Attraction Cité de l'espace
63%
Spécialité culinaire Violette de Toulouse
63%
Monument Basilique {Saint-Sernin} de Toulouse
60%
Sous-préfecture Muret
56%
Lac Lac d'{Oô}
47%
Sous-préfecture Saint-Gaudens
44%
Ville à l'extrême Sud Bagnères-de-Luchon
35%
Président de la République Vincent Auriol
33%
Région naturelle Lauragais
23%
Région naturelle Comminges
19%
Aucun quiz correspondant
Distribution des résultats
% des personnes avec chaque résultat
Percentile par nombre de réponses
Votre historique - résultats
Vous n’avez pas pris ce quiz depuis la dernière actualisation